Подвижные игры. Ч. 2: Подвижные игры для школы 2-й ступени (Запись № 13590554)
[ простой вид ]
| 000 -МАРКЕР | |
|---|---|
| контрольное поле | 01381nam2a2200229 4500 |
| 001 - ИДЕНТИФИКАТОР ЗАПИСИ | |
| контрольное поле | rc\2898814 |
| 005 - ИДЕНТИФИКАТОР ВЕРСИИ | |
| контрольное поле | 20260315053558.0 |
| 035 ## - ДРУГИЕ СИСТЕМНЫЕ НОМЕРА | |
| Идентификатор записи | (NLR Aleph) 007050283 |
| 100 ## - ДАННЫЕ ОБЩЕЙ ОБРАБОТКИ | |
| Данные общей обработки | 20110729d1929 u y0rusy50 ca |
| 101 0# - ЯЗЫК РЕСУРСА | |
| Язык текста, звукозаписи и т.д. | русский |
| 102 ## - СТРАНА ПУБЛИКАЦИИ ИЛИ ПРОИЗВОДСТВА | |
| Страна публикации | Российская Федерация |
| 105 ## - ПОЛЕ КОДИРОВАННЫХ ДАННЫХ: ТЕКСТОВЫЕ МАТЕРИАЛЫ, МОНОГРАФИЧЕСКИЕ | |
| Кодированные данные о монографическом текстовом документе | a z ||||| |
| 200 1# - ЗАГЛАВИЕ И СВЕДЕНИЯ ОБ ОТВЕТСТВЕННОСТИ | |
| Основное заглавие | Подвижные игры для школы 2-й ступени |
| Сведения, относящиеся к заглавию | С таблицей характеристики игр по их влиянию на растущий организм |
| 210 ## - ПУБЛИКАЦИЯ, РАСПРОСТРАНЕНИЕ И ДР. | |
| Место издания, распространения и т.д. | Москва |
| -- | Ленинград |
| Имя издателя, распространителя и т. д. | Гиз |
| Дата издания, распространения и т.д. | 1929 |
| 215 ## - ФИЗИЧЕСКАЯ ХАРАКТЕРИСТИКА | |
| Специфическое обозначение материала и объем | 102, [1] с., 1 л. табл. |
| Другие сведения о физической характеристике | ил., табл. |
| 461 #0 - УРОВЕНЬ НАБОРА | |
| Встроенное поле | 001rc\2898812 |
| -- | 2001#$aПодвижные игры$e(Для возраста 8-12 лет)$eС табл. их характеристики по влиянию на растущий организм. Ч. 1-2$fН. Филитис$vЧ. 2 |
| -- | 700#1$aФилитис$bН.С.$gНиколай Степанович |
| Системный номер (АБИС) связанной записи | 6183846 |
| Автор | Филитис, Н.С. |
| Место публикации | Москва |
| Дата публикации | 1927 |
| Издание | 2-е изд., испр. и доп. |
| Первые сведения об ответственности | Н. Филитис |
| Имя издателя, распространителя и т.д. | ЦКЖД "Гудок" |
| Сведения, относящиеся к заглавию | (Для возраста 8-12 лет) : С табл. их характеристики по влиянию на растущий организм. Ч. 1-2 |
| Заглавие | Подвижные игры |
| Номер тома | Ч. 2 |
| 801 #0 - ИСТОЧНИК ЗАПИСИ | |
| Страна | Российская Федерация |
| Организация | NLR |
| Правила каталогизации | psbo |
| 801 #1 - ИСТОЧНИК ЗАПИСИ | |
| Страна | Российская Федерация |
| Организация | ELAR |
| Источник данных | rusmarc |
| 852 ## - МЕСТОНАХОЖДЕНИЕ И ШИФР ХРАНЕНИЯ | |
| Идентификатор организации | NLR |
| Шифр хранения (Call Number) | 40/3996 |
| 942 ## - ДОПОЛНИТЕЛЬНЫЕ ЭЛЕМЕНТЫ ЗАПИСИ (АБИС) | |
| Тип экземпляра АБИС | Неопределено |
| 980 ## - КОЛЛЕКЦИЯ | |
| Название коллекции | Национальная библиография |
Нет доступных экземпляров.